British rust fungi / (Record no. 12427)
[ view plain ]
| 000 -LEADER | |
|---|---|
| fixed length control field | 00842cam a22002651 4500 |
| 001 - CONTROL NUMBER | |
| control field | 12427 |
| 003 - CONTROL NUMBER IDENTIFIER | |
| rucl marc code | BD-RjUL |
| 005 - DATE AND TIME OF LATEST TRANSACTION | |
| control field | 20211208235307.0 |
| 008 - FIXED-LENGTH DATA ELEMENTS--GENERAL INFORMATION | |
| fixed length control field | 140128s1966 enka b 001 0 eng |
| 035 ## - SYSTEM CONTROL NUMBER | |
| System control number | (BD-RjUL)12476 |
| 040 ## - CATALOGING SOURCE | |
| Original cataloging agency | DLC/ICU |
| Transcribing agency | ICU |
| Modifying agency | DLC |
| -- | BD-RjUL |
| Language of cataloging | eng |
| 041 ## - LANGUAGE CODE | |
| Language code of text/sound track or separate title | eng |
| 082 00 - DEWEY DECIMAL CLASSIFICATION NUMBER | |
| Classification number | 589.2250942 |
| Author mark and year | WIB 1966 |
| 100 1# - MAIN ENTRY--PERSONAL NAME | |
| Personal name | Wilson, Malcolm. |
| 9 (RLIN) | 38614 |
| 245 10 - TITLE STATEMENT | |
| Title | British rust fungi / |
| Statement of responsibility, etc. | the late Malcolm Wilson and D.M. Henderson. |
| 260 ## - PUBLICATION, DISTRIBUTION, ETC. (IMPRINT) | |
| Place of publication, distribution, etc. | Cambridge : |
| Name of publisher, distributor, etc. | Cambridge U.P. , |
| Date of publication, distribution, etc. | c1966. |
| 300 ## - PHYSICAL DESCRIPTION | |
| Pagination | xviii, 384 p. : |
| Illustrations | illus., tables. ; |
| Size | 23 cm. |
| 504 ## - BIBLIOGRAPHY, ETC. NOTE | |
| Bibliography, etc | Bibliography: p. 369-371. and index. |
| 650 #0 - SUBJECT ADDED ENTRY--TOPICAL TERM | |
| Topical term or geographic name as entry element | Rust fungi |
| Geographic subdivision | Great Britain. |
| 9 (RLIN) | 38615 |
| Topical term or geographic name as entry element | Fungi |
| Geographic subdivision | Great Britain. |
| 9 (RLIN) | 38616 |
| 700 1# - ADDED ENTRY--PERSONAL NAME | |
| Personal name | Henderson, D. M. |
| Fuller form of name | (Douglas M.), |
| Relator term | joint author. |
| 942 ## - ADDED ENTRY ELEMENTS (KOHA) | |
| Source of classification or shelving scheme | Dewey Decimal Classification |
| Koha item type | Books |
| Lost status | Source of classification or shelving scheme | Damaged status | Not for loan | Collection code | Permanent Location | Current Location | Shelving location | Date acquired | Source of acquisition | Cost, normal purchase price | Total Checkouts | Full call number | Date last seen | Copy number | Koha item type |
|---|---|---|---|---|---|---|---|---|---|---|---|---|---|---|---|
| Dewey Decimal Classification | Not For Loan | Non-fiction | Central Library, University of Rajshahi | Central Library, University of Rajshahi | Reading Room | 05/11/1969 | Swets + Zetlinger | 0.90 | 579.592 WIB 1966 | 28/01/2014 | C-1 | Books | |||
| Dewey Decimal Classification | Non-fiction | Central Library, University of Rajshahi | Central Library, University of Rajshahi | 05/11/1969 | Sweets & Zeitlinger | 0.90 | 579592 WIB 1966 | 20/11/2018 | C-2 | Books |